000 01883cam a22001814a 4500
005 20250605164403.0
008 250528s ||||||||||||||||||||||||d
035 _a24703
040 _aGR-AtMCL
_bgre
_dGR-AtMCL
_eAACR2
245 1 _aΤα Ποσειδώνια και η Ελληνική Ναυτιλία Δίνουν Αναπτυξιακή Ώθηση στη Χώρα
260 _bΔελτίον Διοικήσεως Επιχειρήσεων,
_c2022
300 _a112
520 _aΗ Επιστροφή του Μάρκετινγκ στα Παραδοσιακά Μέσα, Φιλόδοξοι Στόχοι και Φιλόδοξες Πολιτικές, Βιομηχανία: Ο Προστατευτισμός Αποτελεί Αδιέξοδο και η Κλιματική Ουδετερότητα το Κλειδί για την Ευρώπη, Η Επιστροφή της Κορυφαίας Ναυτιλιακής Έκθεσης, Εκλογή Νέου Διοικητικού Συμβουλίου για την Προσεχή Τριετία, Το Σήμερα και το Αύριο της Ελληνικής Ναυτιλίας, 40 Χρόνια Δράση για την Υγεία των Θαλασσών, 3+1 Προτάσεις για την Ενεργειακή Κρίση, Έρχονται τα Ρομπότ και για τους Μικρομεσαίους, Ιστορικό Ρεκόρ για τις Ελληνικές Εξαγωγές το 2021 στα 39,89 δις Ευρώ, Διαδικτυακή Εκδήλωση 'Ασφάλιση' η Απάντηση στην Ανασφάλεια των Καιρών, Τα Νεα των Βιομηχανικών και Εμπορικών Επιχειρήσεων.
700 1 _aΠαπαμιχαλάκης, Κωνσταντίνος Ι
_99496
942 _cCR
999 _c9569
_d9569